[Event "15. Bayer Open"]
[Site "Leverkusen"]
[Date "2017.02.13"]
[Round "4.11"]
[White "Reinemer, Frank"]
[Black "Spiekermann, Stefan"]
[Result "1-0"]
[WhiteElo "2093"]
[BlackElo "1958"]
[PlyCount "115"]
[EventDate "2017.??.??"]
[WhiteTeam "Langenfelder SF"]
[BlackTeam "SV Menden"]

1. d4 d5 2. c4 c6 3. b3 Nf6 4. Nf3 Bf5 5. e3 e6 6. Bd3 Bxd3 7. Qxd3 Nbd7 8.
Nbd2 Be7 9. O-O O-O 10. Bb2 Qa5 11. Bc3 Qa6 12. Rfb1 Rfd8 13. Qf1 b6 14. a4 Qb7
15. b4 dxc4 16. Nxc4 Ne4 17. Be1 Nd6 18. Nce5 Nxe5 19. Nxe5 Bf6 20. f4 Bxe5 21.
fxe5 Nf5 22. Qf3 Qd7 23. g4 Ne7 24. Bh4 Rdc8 25. Bxe7 Qxe7 26. Ra2 Rc7 27. Rf2
Rac8 28. Qe4 c5 29. bxc5 bxc5 30. Rbf1 Qf8 31. d5 exd5 32. Qxd5 Qe8 33. Qc4 Qe6
34. Qxe6 fxe6 35. Rc2 c4 36. Rfc1 Rc5 37. Kf2 c3 38. Ke2 Kf7 39. Kd3 Rd8+ 40.
Ke2 Rdc8 41. Kd3 Rxe5 42. Rxc3 Rd5+ 43. Ke4 Rxc3 44. Rxc3 Ra5 45. Rc4 Kf6 46.
h4 h6 47. Kd4 Rd5+ 48. Kc3 Re5 49. e4 Ra5 50. Kb4 Ra6 51. Rc5 Rb6+ 52. Rb5 Rc6
53. e5+ Kg6 54. Rb7 Rc1 55. Rxa7 Rg1 56. h5+ Kh7 57. Kc5 Rxg4 58. Kd6 1-0

[Event "15. Bayer Open"]
[Site "Leverkusen"]
[Date "2017.02.13"]
[Round "4.13"]
[White "Lindam, Ingo"]
[Black "Jiritschka, Wolfgang"]
[Result "1-0"]
[WhiteElo "2071"]
[BlackElo "1811"]
[PlyCount "93"]
[EventDate "2017.??.??"]
[WhiteTeam "Kölner SK Dr. Lasker"]
[BlackTeam "SC Bayer Leverkusen"]

1. d4 Nf6 2. Bg5 d5 3. Nd2 e6 4. Ngf3 Be7 5. e3 O-O 6. Bd3 b6 7. Ne5 Bb7 8. c3
Ne4 9. Bxe7 Qxe7 10. Qc2 f5 11. O-O Nxd2 12. Qxd2 Nd7 13. Nxd7 Qxd7 14. f4 a5
15. Qe2 Qc8 16. Rac1 c5 17. Rf3 c4 18. Bc2 a4 19. a3 b5 20. Rh3 Qe8 21. g4 Qf7
22. Kf2 Bc8 23. Rg1 g6 24. gxf5 exf5 25. Qh5 Ra6 26. Rhg3 Re8 27. h4 Rf6 28.
Qf3 Kf8 29. Qg2 Qe6 30. Qh3 Ke7 31. h5 Kd6 32. hxg6 Rxg6 33. Qxh7 Rg4 34. Rf3
Rxg1 35. Kxg1 Rg8+ 36. Kf2 Qg6 37. Qxg6+ Rxg6 38. Rh3 Bd7 39. Rh8 Rg7 40. Rh6+
Ke7 41. Bd1 Be6 42. Bf3 Kf7 43. Bh5+ Ke7 44. Rh8 Rg8 45. Rh7+ Kd6 46. Bf3 Bd7
47. Bxd5 1-0

[Event "15. Bayer Open"]
[Site "Leverkusen"]
[Date "2017.02.13"]
[Round "4.14"]
[White "Gülsen, Taylan"]
[Black "Schmuck, Markus"]
[Result "1/2-1/2"]
[WhiteElo "2040"]
[BlackElo "1910"]
[PlyCount "52"]
[EventDate "2017.??.??"]
[WhiteTeam "SG Niederkassel"]
[BlackTeam "SG Solingen"]

1. Nf3 Nf6 2. c4 d5 3. g3 c6 4. Bg2 Bf5 5. cxd5 cxd5 6. Qb3 Qc8 7. O-O e6 8.
Nc3 Be7 9. d3 Na6 10. Nh4 Bg6 11. Nxg6 hxg6 12. Qb5+ Qc6 13. Bf4 Nd7 14. Rac1
O-O 15. a4 Qxb5 16. Nxb5 Ndc5 17. d4 Nxa4 18. b3 Nb6 19. Nc7 Rac8 20. Nxa6 bxa6
21. Rxc8 Rxc8 22. Ra1 Rc2 23. Rxa6 Bf6 24. e3 Rb2 25. Ra3 Nc8 26. Bf1 Be7
1/2-1/2

[Event "15. Bayer Open"]
[Site "Leverkusen"]
[Date "2017.02.13"]
[Round "4.15"]
[White "Kuhn, Andreas"]
[Black "Kies, Werner"]
[Result "1/2-1/2"]
[WhiteElo "1877"]
[BlackElo "1862"]
[PlyCount "72"]
[EventDate "2017.??.??"]
[WhiteTeam "SG Niederkassel"]
[BlackTeam "SC Bayer Leverkusen"]

1. d4 g6 2. e4 Bg7 3. Nc3 d6 4. Be2 Nc6 5. Be3 e5 6. dxe5 Bxe5 7. Qd2 Be6 8. f4
Bg7 9. Nf3 Nf6 10. h3 Qd7 11. g4 Qd8 12. O-O-O h6 13. f5 Bd7 14. fxg6 fxg6 15.
g5 Ng8 16. Bc4 hxg5 17. Bxg8 Rxg8 18. Bxg5 Bf6 19. Bxf6 Qxf6 20. Nd5 Qd8 21.
Qh6 Be6 22. Ng5 Bxd5 23. exd5 Ne5 24. Ne6 Qe7 25. Qf4 c6 26. Qa4 b5 27. Qa6 Rb8
28. Nd4 Rb6 29. Qc8+ Kf7 30. Rhf1+ Kg7 31. Qe6 Re8 32. Qxe7+ Rxe7 33. dxc6 Nxc6
34. Nxc6 Rxc6 35. Rd2 Rd7 36. c3 a6 1/2-1/2

[Event "15. Bayer Open"]
[Site "Leverkusen"]
[Date "2017.02.13"]
[Round "4.16"]
[White "Werbeck, Torsten"]
[Black "Reif, Frank"]
[Result "1-0"]
[WhiteElo "2051"]
[BlackElo "1758"]
[PlyCount "67"]
[EventDate "2017.??.??"]
[WhiteTeam "Bahn-SC Wuppertal"]
[BlackTeam "TV Witzhelden"]

1. d4 Nf6 2. Nf3 g6 3. c4 Bg7 4. Nc3 O-O 5. e4 d6 6. Be2 Nbd7 7. O-O e5 8. Re1
c6 9. Bf1 Ne8 10. Rb1 a5 11. a3 exd4 12. Nxd4 Nc5 13. Be3 Nf6 14. f3 Ne6 15.
Qd2 Nh5 16. Nde2 Re8 17. Rbd1 Qh4 18. g3 Qf6 19. Bg2 Bf8 20. g4 Nhg7 21. Na4
Qd8 22. Bb6 Qh4 23. Bf2 Qe7 24. Bg3 Rd8 25. Nb6 Rb8 26. Qxa5 h5 27. h3 hxg4 28.
hxg4 Nc5 29. b4 Nce6 30. Qa7 Qc7 31. c5 f5 32. Nc4 f4 33. Nxf4 Nxc5 34. Ne2 1-0

[Event "15. Bayer Open"]
[Site "Leverkusen"]
[Date "2017.02.13"]
[Round "4.17"]
[White "Maric, Boris"]
[Black "Meul, Willi"]
[Result "1/2-1/2"]
[WhiteElo "2033"]
[BlackElo "1740"]
[PlyCount "89"]
[EventDate "2017.??.??"]
[WhiteTeam "SV Grünfeld"]
[BlackTeam "SV Hürth-Berrenrath"]

1. c4 e6 2. Nf3 d5 3. g3 Nf6 4. Bg2 Nbd7 5. d4 Bb4+ 6. Nbd2 O-O 7. O-O b6 8. b3
Bb7 9. Bb2 Bd6 10. Rc1 c5 11. cxd5 exd5 12. Nh4 Re8 13. Re1 Rc8 14. Nc4 Bf8 15.
Ne5 Bd6 16. Nc4 Bf8 17. Ne3 Nb8 18. dxc5 Bxc5 19. Nef5 g6 20. Nd4 Bb4 21. Rf1
Ne4 22. Rxc8 Qxc8 23. Qa1 Qd7 24. a3 Be7 25. Nhf3 Rc8 26. Rd1 Rc5 27. Ne5 Qd6
28. Bxe4 Qxe5 29. Bg2 Bf6 30. e3 Nd7 31. Rd2 a6 32. Bh3 Qc7 33. Qd1 Ne5 34. Bg2
h5 35. h3 Bg7 36. Kh2 b5 37. Qe2 Nd7 38. Qd1 Ne5 39. Nf3 Nxf3+ 40. Bxf3 Bxb2
41. Rxb2 Rc1 42. Qd2 h4 43. Kg2 hxg3 44. fxg3 d4 45. e4 1/2-1/2

[Event "15. Bayer Open"]
[Site "Leverkusen"]
[Date "2017.02.13"]
[Round "4.18"]
[White "Beyer, Fabian"]
[Black "Reuter, Michael"]
[Result "1/2-1/2"]
[WhiteElo "1694"]
[BlackElo "2030"]
[PlyCount "34"]
[EventDate "2017.??.??"]
[WhiteTeam "SG Solingen"]
[BlackTeam "Langenfelder SF"]

1. d4 d5 2. Nf3 Nf6 3. c4 c6 4. Nc3 dxc4 5. a4 Bf5 6. e3 e6 7. Bxc4 Bb4 8. Qb3
Qe7 9. O-O O-O 10. Ne5 a5 11. f3 h6 12. e4 Bh7 13. Be3 c5 14. Rfd1 cxd4 15.
Bxd4 Nc6 16. Nxc6 bxc6 17. Ne2 Rab8 1/2-1/2

[Event "15. Bayer Open"]
[Site "Leverkusen"]
[Date "2017.02.13"]
[Round "4.19"]
[White "Hennig, Edgar Paul"]
[Black "Ziabari, Morteza"]
[Result "1/2-1/2"]
[WhiteElo "1849"]
[BlackElo "1813"]
[PlyCount "36"]
[EventDate "2017.??.??"]
[WhiteTeam "Satranç Club"]
[BlackTeam "Kettwiger SG"]

1. e4 e5 2. Nf3 Nc6 3. Nc3 Nf6 4. Bb5 Bc5 5. O-O d6 6. d3 a6 7. Ba4 h6 8. Ne2
Bg4 9. Bxc6+ bxc6 10. Ng3 Nh5 11. Nxh5 Bxh5 12. Be3 Bb6 13. Bxb6 cxb6 14. Qe2
Qf6 15. Qe3 Rb8 16. c3 O-O 17. Nd2 d5 18. Qg3 Qg5 1/2-1/2

[Event "15. Bayer Open"]
[Site "Leverkusen"]
[Date "2017.02.13"]
[Round "4.20"]
[White "Hansel, Rainer"]
[Black "Claßen, Harald"]
[Result "1/2-1/2"]
[WhiteElo "1906"]
[BlackElo "1992"]
[PlyCount "34"]
[EventDate "2017.??.??"]
[WhiteTeam "SF Köln-Longerich"]
[BlackTeam "SC Bayer Leverkusen"]

1. d4 d5 2. Bf4 Nf6 3. e3 Bf5 4. c4 c6 5. Nc3 e6 6. Nf3 Be7 7. Nh4 O-O 8. Nxf5
exf5 9. Bd3 g6 10. O-O Bd6 11. Bg5 dxc4 12. Bxc4 Kg7 13. f3 h6 14. Bxf6+ Qxf6
15. e4 Qh4 16. g3 Bxg3 17. hxg3 Qxg3+ 1/2-1/2

[Event "15. Bayer Open"]
[Site "Leverkusen"]
[Date "2017.02.13"]
[Round "4.21"]
[White "Rosenauer, Horst"]
[Black "Hoffmann, Michael"]
[Result "0-1"]
[WhiteElo "1867"]
[BlackElo "1682"]
[PlyCount "76"]
[EventDate "2017.??.??"]
[WhiteTeam "Bergische SF"]
[BlackTeam "SG Neuss"]

1. e4 e6 2. g3 d5 3. e5 c5 4. Bg2 Nc6 5. Nf3 Nge7 6. O-O Ng6 7. Re1 Be7 8. h4
O-O 9. d3 f6 10. exf6 Bxf6 11. c3 e5 12. Bg5 Bg4 13. Nbd2 Qd7 14. Qb3 Rad8 15.
a4 Na5 16. Qb5 Qc7 17. b4 cxb4 18. cxb4 Nc6 19. Rac1 Qd7 20. Qc5 Rc8 21. b5 Nd4
22. Qa3 Nc2 23. Qb3 Nxe1 24. Rxe1 Kh8 25. Nh2 Bxg5 26. hxg5 Be6 27. Nhf3 Qd6
28. Qb2 Qb6 29. Nf1 Bf5 30. Nxe5 Nxe5 31. Rxe5 Bxd3 32. Re7 Qg6 33. Ne3 Qxg5
34. Rxb7 d4 35. Qxd4 Rc1+ 36. Kh2 Qh6+ 37. Bh3 Rxf2+ 38. Ng2 Rh1+ 0-1

[Event "15. Bayer Open"]
[Site "Leverkusen"]
[Date "2017.02.13"]
[Round "4.22"]
[White "Hoffmann, Frank"]
[Black "Esser, Michael"]
[Result "0-1"]
[WhiteElo "1806"]
[BlackElo "1993"]
[PlyCount "72"]
[EventDate "2017.??.??"]
[WhiteTeam "SV Springer Hitdorf"]
[BlackTeam "SC Bayer Leverkusen"]

1. e4 Nf6 2. Nc3 d5 3. exd5 Nxd5 4. Nxd5 Qxd5 5. Qf3 Qc5 6. c3 e5 7. Qe3 Be6 8.
d3 Qd5 9. Nf3 Nc6 10. Qe4 Qd6 11. Be2 Be7 12. O-O h6 13. Rd1 f5 14. Qa4 O-O 15.
d4 e4 16. Ne1 Bd7 17. Qb3+ Kh8 18. Qxb7 Rab8 19. Qa6 Rb6 20. Qa4 f4 21. f3 e3
22. Qc2 Qf6 23. Bd3 Qh4 24. b3 g5 25. Bb2 Bf6 26. Be4 g4 27. fxg4 Bxg4 28. Nf3
Qh5 29. Bg6 Qa5 30. Be4 Ne7 31. c4 Qh5 32. Re1 Rg8 33. Kh1 Nf5 34. Bd5 Rg7 35.
h3 Rd6 36. Ne5 Bxh3 0-1

[Event "15. Bayer Open"]
[Site "Leverkusen"]
[Date "2017.02.13"]
[Round "4.23"]
[White "Elsweiler, Karl-Heinz"]
[Black "Ljuboschiz, Alexander"]
[Result "0-1"]
[WhiteElo "1574"]
[BlackElo "1991"]
[PlyCount "43"]
[EventDate "2017.??.??"]
[WhiteTeam "SV Opladen"]
[BlackTeam "SC Tornado Hochneukirch"]

1. Nf3 g6 2. g3 Bg7 3. Bg2 d6 4. d4 Nd7 5. c3 e5 6. dxe5 dxe5 7. Nbd2 Ne7 8.
O-O O-O 9. Ne4 h6 10. Qb3 Kh8 11. Rd1 Qe8 12. Be3 Nf5 13. Bc5 Nxc5 14. Nxc5 Rb8
15. Qa3 Nd6 16. h3 e4 17. Nd4 e3 18. f3 a5 19. b3 b6 20. Ne4 Nxe4 21. fxe4 Bd7
22. Nb5 0-1

[Event "15. Bayer Open"]
[Site "Leverkusen"]
[Date "2017.02.13"]
[Round "4.24"]
[White "Arlt, Klaus"]
[Black "Wehr, Günter"]
[Result "1-0"]
[WhiteElo "1997"]
[BlackElo "1433"]
[PlyCount "61"]
[EventDate "2017.??.??"]
[WhiteTeam "Ford SF Köln"]
[BlackTeam "SV Opladen"]

1. c4 e5 2. Nc3 Nf6 3. Nf3 d6 4. d3 Nc6 5. g3 Bd7 6. Bg2 Be7 7. O-O O-O 8. Rb1
Rb8 9. b4 a6 10. h3 h6 11. Be3 Bf5 12. b5 axb5 13. cxb5 Na5 14. b6 c5 15. Nb5
Qd7 16. Kh2 Nd5 17. Bd2 e4 18. dxe4 Bxe4 19. Bxa5 Bxb1 20. Qxb1 Nb4 21. Nc7 Na6
22. Rd1 Qa4 23. Bc3 Rfc8 24. Nd5 Bf8 25. Nh4 Qc4 26. e3 Qa4 27. Nf5 Kh8 28.
Nxh6 Nb4 29. Nxf7+ Kg8 30. Qg6 Qd7 31. Nf6# 1-0

[Event "15. Bayer Open"]
[Site "Leverkusen"]
[Date "2017.02.13"]
[Round "4.25"]
[White "Skiber, Friedel"]
[Black "Wirtz, Uwe"]
[Result "0-1"]
[WhiteElo "1557"]
[BlackElo "1842"]
[PlyCount "74"]
[EventDate "2017.??.??"]
[WhiteTeam "SG Solingen"]
[BlackTeam "Königsspringer Leverkusen"]

1. e4 Nf6 2. e5 Nd5 3. d4 d6 4. Nf3 Bg4 5. Be2 Nc6 6. O-O e6 7. h3 Bh5 8. c4
Nb6 9. Be3 Be7 10. Nc3 O-O 11. a3 Bxf3 12. gxf3 dxe5 13. c5 exd4 14. Bxd4 Qxd4
15. cxb6 Qxb6 16. Qc1 Rad8 17. Ne4 Nd4 18. Bd1 Qa5 19. b4 Qe5 20. Qe3 Nf5 21.
Qc1 Bd6 22. Nxd6 Qxd6 23. f4 c6 24. Bg4 Qd2 25. Re1 Qxc1 26. Raxc1 g6 27. Kg2
Rd4 28. Rc3 Ne7 29. Kg3 Rfd8 30. Be2 Nd5 31. Rf3 Nf6 32. h4 Re4 33. Kg2 Nh5 34.
Re3 Nxf4+ 35. Kf3 Rxe3+ 36. fxe3 Nxe2 37. Rxe2 f6 0-1

[Event "15. Bayer Open"]
[Site "Leverkusen"]
[Date "2017.02.13"]
[Round "4.26"]
[White "Elshani, Shaip"]
[Black "Vranidis, Athanassios"]
[Result "1-0"]
[WhiteElo "1552"]
[BlackElo "1794"]
[PlyCount "95"]
[EventDate "2017.??.??"]
[WhiteTeam "SC Bayer Leverkusen"]
[BlackTeam "SG Solingen"]

1. e4 c5 2. Nf3 d6 3. Nc3 Nf6 4. Bc4 e6 5. O-O a6 6. a4 Be7 7. Re1 Nbd7 8. d4
cxd4 9. Nxd4 Nb6 10. Bb3 Qc7 11. h3 O-O 12. Qe2 e5 13. Nf5 Bxf5 14. exf5 Rfe8
15. Qf3 Rac8 16. Qg3 Kh8 17. Bxf7 Rf8 18. Be6 Rcd8 19. h4 Nbd7 20. Be3 Nc5 21.
Bxc5 Qxc5 22. Qe3 Qb4 23. b3 Qxh4 24. g3 Qh5 25. Kg2 Ng4 26. Qf3 Qh2+ 27. Kf1
Qh3+ 28. Ke2 Nh2 29. Qe4 Qg4+ 30. Qxg4 Nxg4 31. Rh1 Nh6 32. Rh5 Ng4 33. Rah1 h6
34. f3 Nf6 35. R5h3 d5 36. g4 d4 37. Ne4 Nxe4 38. fxe4 Rd6 39. Rh5 Rc6 40. Kd1
d3 41. cxd3 Rd8 42. Bd5 Rc7 43. g5 Bf8 44. gxh6 gxh6 45. f6 Rdc8 46. Ke2 Rc2+
47. Kf3 R2c3 48. Rxh6+ 1-0

[Event "15. Bayer Open"]
[Site "Leverkusen"]
[Date "2017.02.13"]
[Round "4.27"]
[White "Pfister, Jürgen"]
[Black "Birnkott, Manfred"]
[Result "0-1"]
[WhiteElo "1442"]
[BlackElo "1845"]
[PlyCount "64"]
[EventDate "2017.??.??"]
[WhiteTeam "SF Düsseldorf-Süd"]
[BlackTeam "SC Bayer Leverkusen"]

1. Nf3 Nc6 2. c4 e5 3. d3 Nf6 4. Nbd2 d5 5. g3 Bb4 6. a3 Bxd2+ 7. Bxd2 e4 8.
Nh4 h6 9. cxd5 Qxd5 10. Bg2 g5 11. dxe4 Nxe4 12. Qc2 Qxd2+ 13. Qxd2 Nxd2 14.
Bxc6+ bxc6 15. Kxd2 gxh4 16. gxh4 Rg8 17. Rhg1 Rxg1 18. Rxg1 Kf8 19. Rg3 a5 20.
e4 Rb8 21. Kc2 Be6 22. f4 a4 23. f5 Bb3+ 24. Kc3 Re8 25. Re3 f6 26. Kb4 Re5 27.
Re2 Ke7 28. Kc3 Rc5+ 29. Kd4 Rc4+ 30. Kd3 Kd6 31. Rd2 Ke5 32. Re2 Rd4+ 0-1

[Event "15. Bayer Open"]
[Site "Leverkusen"]
[Date "2017.02.13"]
[Round "4.28"]
[White "Ipekyilmaz, Tayfun"]
[Black "Blumenthal, Ralf"]
[Result "0-1"]
[WhiteElo "1645"]
[BlackElo "1779"]
[PlyCount "44"]
[EventDate "2017.??.??"]
[WhiteTeam "Langenfelder SF"]
[BlackTeam "SK Turm Euskirchen"]

1. e4 c5 2. d4 cxd4 3. c3 d3 4. Bxd3 Nc6 5. Nf3 d6 6. Be3 Nf6 7. Nbd2 Ng4 8.
Nf1 Nxe3 9. Nxe3 g6 10. Qc2 Bg7 11. O-O-O Bd7 12. Bc4 O-O 13. g4 Rc8 14. Kb1
Ne5 15. Nxe5 Bxe5 16. Be2 Be6 17. Nd5 Bxd5 18. Rxd5 Qb6 19. f3 Rxc3 20. Rb5
Rxc2 21. Rxb6 Rxe2 22. Rxb7 Rc8 0-1

[Event "15. Bayer Open"]
[Site "Leverkusen"]
[Date "2017.02.13"]
[Round "4.29"]
[White "Bursch, Alexander"]
[Black "Alexopoulos, Spiros Orestis"]
[Result "0-1"]
[WhiteElo "1506"]
[BlackElo "1896"]
[PlyCount "52"]
[EventDate "2017.??.??"]
[WhiteTeam "SV Hennef"]
[BlackTeam "Aachener SV"]

1. b3 Nf6 2. Bb2 g6 3. e3 Bg7 4. Nf3 O-O 5. d4 d6 6. Bd3 Nbd7 7. Nbd2 e5 8. c4
Re8 9. Bc2 e4 10. Ng5 Bh6 11. Ngxe4 Nxe4 12. Nxe4 f5 13. Nc3 Qh4 14. O-O Nf6
15. Qf3 Ng4 16. h3 Rxe3 17. fxe3 Bxe3+ 18. Kh1 Nf2+ 19. Rxf2 Bxf2 20. Nb5 f4
21. Rf1 Bg3 22. Bd1 Bxh3 23. Kg1 Bg4 24. Qd5+ Kg7 25. Rxf4 Qh2+ 26. Kf1 Qh1#
0-1

[Event "15. Bayer Open"]
[Site "Leverkusen"]
[Date "2017.02.13"]
[Round "4.30"]
[White "Lasser, Rene"]
[Black "Kamphausen, Johannes-Dieter"]
[Result "0-1"]
[WhiteElo "1398"]
[BlackElo "1728"]
[PlyCount "128"]
[EventDate "2017.??.??"]
[WhiteTeam "Königsspringer Leverkusen"]
[BlackTeam "SV Springer Hitdorf"]

1. e4 c5 2. f4 Nc6 3. Nf3 e6 4. Nc3 Nge7 5. d4 cxd4 6. Nxd4 Nxd4 7. Qxd4 Nc6 8.
Qf2 Bb4 9. Bd2 O-O 10. a3 Ba5 11. Bd3 d5 12. e5 a6 13. g4 b5 14. Ne2 Bxd2+ 15.
Kxd2 Na5 16. b3 Bb7 17. h4 Rc8 18. f5 Qd7 19. f6 Nc4+ 20. Kd1 Nxe5 21. fxg7
Kxg7 22. h5 f6 23. Rg1 Nxd3 24. cxd3 e5 25. Qg3 Qe7 26. Kd2 Kh8 27. g5 fxg5 28.
Qxg5 Qxg5+ 29. Rxg5 e4 30. Nc3 Rf2+ 31. Ke3 Rf3+ 32. Kd4 Rxd3+ 33. Ke5 Rdxc3
34. Rf1 Re8+ 35. Kd4 Rxb3 36. Rf7 Rd3+ 37. Kc5 Rc3+ 38. Kb6 Rg8 39. Re5 Rf3 40.
Rxb7 Rf6+ 41. Ka5 Rh6 42. Rd7 Rf8 43. Rdxd5 Kg7 44. Rxe4 Rhf6 45. Ree5 R8f7 46.
Rg5+ Kh6 47. Rge5 Rg7 48. Rc5 Rg3 49. Kb4 Rf4+ 50. Ka5 Rxa3+ 51. Kb6 Rf6+ 52.
Kc7 Rg3 53. Kd7 Rgf3 54. Ke7 Rf7+ 55. Ke8 Rf8+ 56. Ke7 R3f7+ 57. Ke6 Rf6+ 58.
Ke7 R8f7+ 59. Ke8 Rg7 60. Rcd5 Rb6 61. Rd8 Rg8+ 62. Kd7 Rxd8+ 63. Kxd8 b4 64.
Kc7 Rf6 0-1

[Event "15. Bayer Open"]
[Site "Leverkusen"]
[Date "2017.02.13"]
[Round "4.31"]
[White "Pützkaul, Karl"]
[Black "Antar Badal, Azadi"]
[Result "1-0"]
[WhiteElo "1687"]
[BlackElo "1683"]
[PlyCount "95"]
[EventDate "2017.??.??"]
[WhiteTeam "SC Bayer Leverkusen"]
[BlackTeam "Königsspringer Leverkusen"]

1. d4 d5 2. Nf3 Nc6 3. Bf4 Bf5 4. c3 Nf6 5. e3 a6 6. Bd3 Bg4 7. Nbd2 e6 8. h3
Bxf3 9. Nxf3 h6 10. O-O Bd6 11. Bxd6 Qxd6 12. Qc2 g5 13. e4 dxe4 14. Bxe4 Nxe4
15. Qxe4 f5 16. Qe2 O-O-O 17. Rfe1 Rde8 18. Ne5 Rhf8 19. Nxc6 Qxc6 20. Rad1 Rh8
21. Qe5 Rhf8 22. Rd2 g4 23. hxg4 Rg8 24. d5 Qa4 25. Rd4 Qxa2 26. dxe6 Qxb2 27.
e7 Qb6 28. Qxf5+ Kb8 29. Qd7 c6 30. Red1 Qc7 31. Qxe8+ Rxe8 32. Rd8+ Ka7 33.
Rxe8 Qe5 34. Rd7 Qe1+ 35. Kh2 Qxf2 36. Ra8+ Kxa8 37. e8=Q+ Ka7 38. Qe4 Kb8 39.
Rd3 Qf6 40. Rf3 Qh4+ 41. Kg1 a5 42. Rf8+ Ka7 43. Qe3+ Ka6 44. c4 b6 45. Qe8 b5
46. c5 b4 47. Qxc6+ Ka7 48. Ra8# 1-0

[Event "15. Bayer Open"]
[Site "Leverkusen"]
[Date "2017.02.13"]
[Round "4.32"]
[White "Roder, Stephan"]
[Black "Witte, Volker"]
[Result "0-1"]
[WhiteElo "1389"]
[BlackElo "1750"]
[PlyCount "64"]
[EventDate "2017.??.??"]
[WhiteTeam "Bergische SF"]
[BlackTeam "SF Schlebusch"]

1. d4 Nf6 2. Nf3 g6 3. g3 Bg7 4. Bg2 O-O 5. O-O d6 6. c3 Nbd7 7. Bg5 Rb8 8.
Nbd2 h6 9. Bxf6 Nxf6 10. e4 c6 11. Qc2 d5 12. e5 Bf5 13. Qa4 Nd7 14. Ne1 Qb6
15. Qa3 Rfe8 16. Qb3 f6 17. f4 fxe5 18. fxe5 h5 19. Rf2 Bh6 20. Nf1 e6 21. Qd1
c5 22. h3 Rf8 23. g4 hxg4 24. hxg4 Be4 25. Bxe4 dxe4 26. Re2 Qc6 27. Qc2 Rf4
28. Ne3 Rbf8 29. N1g2 Rf3 30. Rae1 Qa6 31. Nh4 Bxe3+ 32. Rxe3 Rxe3 0-1

[Event "15. Bayer Open"]
[Site "Leverkusen"]
[Date "2017.02.13"]
[Round "4.34"]
[White "Axmann, Michael"]
[Black "Baumgarten, Fred"]
[Result "1-0"]
[WhiteElo "1701"]
[BlackElo "1589"]
[PlyCount "81"]
[EventDate "2017.??.??"]
[WhiteTeam "SC Bayer Leverkusen"]
[BlackTeam "SV Hennef"]

1. d4 Nf6 2. Nf3 g6 3. e3 Bg7 4. Be2 O-O 5. O-O d6 6. b3 Nbd7 7. Bb2 Re8 8.
Nbd2 e5 9. dxe5 Nxe5 10. Nxe5 dxe5 11. e4 b6 12. c3 Bb7 13. Qc2 c6 14. Rfe1 Qc7
15. Bc4 b5 16. Bf1 Rad8 17. Nf3 a6 18. c4 b4 19. c5 Nd7 20. Bc1 Bf8 21. Be3 Nf6
22. Ng5 Ng4 23. Bc4 Rd7 24. Qe2 Nxe3 25. Qxe3 Bh6 26. Qg3 Qd8 27. Nf3 Bf4 28.
Qh3 Bc8 29. g3 Bd2 30. Rf1 Qf6 31. Qg2 Bc3 32. Rac1 Red8 33. h4 h5 34. Kh2 a5
35. Ng1 Rd2 36. Ne2 Rxa2 37. Nxc3 bxc3 38. Rxc3 Rdd2 39. Rf3 Qd8 40. Rxf7 Kh8
41. Qf3 1-0

[Event "15. Bayer Open"]
[Site "Leverkusen"]
[Date "2017.02.13"]
[Round "4.36"]
[White "Negele, Michael"]
[Black "Rudolph, Eva"]
[Result "1-0"]
[WhiteElo "2137"]
[BlackElo "1680"]
[PlyCount "83"]
[EventDate "2017.??.??"]
[WhiteTeam "SC Bayer Leverkusen"]
[BlackTeam "Düsseldorfer SK"]

1. e4 e5 2. Nf3 Nf6 3. Bc4 Bc5 4. b4 Bxb4 5. c3 Ba5 6. Nxe5 O-O 7. O-O d6 8.
Nxf7 Rxf7 9. Bxf7+ Kxf7 10. d4 Nxe4 11. Qh5+ Kg8 12. Qd5+ Kh8 13. Qxe4 d5 14.
Qf3 c6 15. Re1 Bd7 16. Bg5 Qg8 17. Nd2 Na6 18. Be7 Nc7 19. Nb3 Bb6 20. a4 a6
21. Rab1 Re8 22. h4 Ne6 23. Bd6 Bc8 24. Re3 Bc7 25. Bxc7 Nxc7 26. Rxe8 Nxe8 27.
Re1 Nf6 28. Nc5 b6 29. Nd3 Bg4 30. Qf4 Be6 31. Qc7 b5 32. Qxc6 Ne4 33. f3 Nxc3
34. Qxc3 bxa4 35. Qc6 Bf7 36. Ne5 Be6 37. h5 a3 38. Qxa6 a2 39. Qxa2 Qe8 40.
Qa6 Kg8 41. Nd3 Kf7 42. Nc5 1-0

[Event "15. Bayer Open"]
[Site "Leverkusen"]
[Date "2017.02.13"]
[Round "4.37"]
[White "Bosbach, Jens"]
[Black "Esser, Heinz"]
[Result "1-0"]
[WhiteElo "1853"]
[BlackElo "1355"]
[PlyCount "43"]
[EventDate "2017.??.??"]
[WhiteTeam "Langenfelder SF"]
[BlackTeam "SV Dormagen"]

1. d4 Nf6 2. Nf3 g6 3. c4 Bg7 4. Nc3 O-O 5. e4 d6 6. Be2 Nbd7 7. O-O e5 8. d5
h6 9. Be3 c5 10. dxc6 bxc6 11. Qxd6 Ne8 12. Qxc6 Rb8 13. b3 Bb7 14. Qa4 a6 15.
Rad1 Nef6 16. Nxe5 Qc8 17. Nxd7 Nxd7 18. Qxd7 Qxd7 19. Rxd7 Bxc3 20. Bxh6 Bg7
21. Bxg7 Kxg7 22. f3 1-0

[Event "15. Bayer Open"]
[Site "Leverkusen"]
[Date "2017.02.13"]
[Round "4.39"]
[White "Gülden, Ralf"]
[Black "Diaubalick, Ulrich"]
[Result "1/2-1/2"]
[WhiteElo "1535"]
[BlackElo "1476"]
[PlyCount "43"]
[EventDate "2017.??.??"]
[WhiteTeam "Königsspringer Leverkusen"]
[BlackTeam "SF Düsseldorf-Süd"]

1. d4 Nf6 2. c4 g6 3. Nc3 Bg7 4. Nf3 d6 5. e4 a6 6. Be2 O-O 7. O-O Nbd7 8. h3
Qe8 9. Be3 e5 10. d5 b6 11. Qd2 Nc5 12. Bxc5 bxc5 13. Rab1 Nd7 14. b4 cxb4 15.
Rxb4 Nc5 16. Ne1 f5 17. exf5 Bxf5 18. Nd3 Nxd3 19. Bxd3 Rb8 20. Rxb8 Qxb8 21.
Rb1 Qa7 22. Be4 1/2-1/2

[Event "15. Bayer Open"]
[Site "Leverkusen"]
[Date "2017.02.13"]
[Round "4.40"]
[White "Balduan, Karl-Heinz"]
[Black "Gnass, Arno"]
[Result "0-1"]
[WhiteElo "1511"]
[BlackElo "1658"]
[PlyCount "93"]
[EventDate "2017.??.??"]
[WhiteTeam "Königsspringer Leverkusen"]
[BlackTeam "Bergische SF"]

1. d4 Nf6 2. Bf4 d5 3. Nf3 e6 4. e3 Be7 5. Bd3 O-O 6. O-O Nbd7 7. Nbd2 Nh5 8.
Bg3 Nxg3 9. fxg3 c5 10. c3 b6 11. Qe2 Bb7 12. Rf2 a5 13. a4 c4 14. Bc2 Ba6 15.
h4 Rb8 16. Nh2 b5 17. axb5 Rxb5 18. Rb1 Qb8 19. Qh5 g6 20. Qd1 Bd6 21. Ndf1
Bxg3 22. Nxg3 Qxg3 23. Rf3 Qxh4 24. Rh3 Qg5 25. Qf3 Rfb8 26. Rf1 f5 27. Rg3 Qe7
28. Qh5 Qg7 29. Qg5 Rxb2 30. Bd1 Nf8 31. Rh3 Rd2 32. Nf3 Ra2 33. Ne5 Rbb2 34.
Bf3 a4 35. Nc6 Rb7 36. g4 Bb5 37. Ne5 Qe7 38. Qf4 Be8 39. gxf5 exf5 40. Bxd5+
Kg7 41. Qh6+ Kh8 42. Bxb7 a3 43. Nxc4 Bb5 44. Bd5 Nd7 45. Qxg6 Nf6 46. Qxf5
Qg7+ 47. Bg2 0-1

[Event "15. Bayer Open"]
[Site "Leverkusen"]
[Date "2017.02.13"]
[Round "4.41"]
[White "Müller, Horst"]
[Black "Autiero, Giovanni"]
[Result "0-1"]
[WhiteElo "1497"]
[BlackElo "1773"]
[PlyCount "56"]
[EventDate "2017.??.??"]
[WhiteTeam "SV Springer Hitdorf"]
[BlackTeam "Düsseldorfer SK"]

1. c4 e6 2. d4 c6 3. Nf3 d5 4. Nc3 Nf6 5. Bg5 Be7 6. e3 Qa5 7. Bxf6 Bxf6 8.
cxd5 exd5 9. Be2 O-O 10. a3 Nd7 11. b4 Qd8 12. O-O Re8 13. Na4 b5 14. Nc3 a5
15. Na2 Bb7 16. bxa5 Qxa5 17. Nb4 Be7 18. Qb3 Ra7 19. Rfc1 Qb6 20. Nd3 Rea8 21.
Nc5 Nxc5 22. dxc5 Bxc5 23. Rc3 b4 24. Rd3 Rxa3 25. Rxa3 Rxa3 26. Qb2 Qa7 27.
Rxa3 Qxa3 28. Qe5 Qa8 0-1

[Event "15. Bayer Open"]
[Site "Leverkusen"]
[Date "2017.02.13"]
[Round "4.42"]
[White "Kronseder, Michael"]
[Black "Longerich, Hans-Peter"]
[Result "1-0"]
[WhiteElo "1537"]
[BlackElo "1402"]
[PlyCount "27"]
[EventDate "2017.??.??"]
[WhiteTeam "SV Hürth-Berrenrath"]
[BlackTeam "SC Bayer Leverkusen"]

1. e4 c6 2. Nc3 d5 3. Nf3 Bg4 4. d4 Bxf3 5. Qxf3 e6 6. Bd3 Nf6 7. O-O c5 8.
exd5 Nxd5 9. Nxd5 Qxd5 10. Be4 Qxd4 11. Bxb7 Qe5 12. Bxa8 Bd6 13. g3 O-O 14.
Bf4 1-0